Propuesta de diseño geométrico y de estructura de pavimento articulado de 1,100 mts lineales del tramo de carretera Chinandega -san José tejana, departamento de Chinandega 2021
El estudio presenta una propuesta de diseño geométrico y estructura de pavimento articulado del tramo de carretera Chinandega-San José Tejana que tiene una longitud de 1,1 Km y se localiza en el municipio de Chinandega, departamento de Chinandega.
| Main Authors: | , , |
|---|---|
| Other Authors: | |
| Format: | Tesis Section = Libro |
| Language: | Undetermined Spanish |
| Published: |
Managua
UNI
2023
|
| Subjects: |
| LEADER | 01228nam a2200277Ia 4500 | ||
|---|---|---|---|
| 008 | 240830s9999 xx 000 0 und d | ||
| 040 | |a BIBLIOTECA-RUPAP/ Mon 625.85 O15 | ||
| 041 | |a spa | ||
| 082 | |a Mon 625.85 O15 | ||
| 100 | 1 | |a Ocampo López, David Ernesto | |
| 100 | 1 | |b Tórrez Orozco, Leandro Antonio | |
| 100 | 1 | |c Zapata Sandoval, Cristopher Josué | |
| 245 | 1 | 0 | |a Propuesta de diseño geométrico y de estructura de pavimento articulado de 1,100 mts lineales del tramo de carretera Chinandega -san José tejana, departamento de Chinandega 2021 |
| 260 | |a Managua |b UNI |c 2023 | ||
| 300 | |a 159 p. :il. | ||
| 500 | |a Contiene: anexos y CD. | ||
| 502 | |a Tesis (Ingeniero Civil) - UNI, 2023. | ||
| 520 | 3 | |a El estudio presenta una propuesta de diseño geométrico y estructura de pavimento articulado del tramo de carretera Chinandega-San José Tejana que tiene una longitud de 1,1 Km y se localiza en el municipio de Chinandega, departamento de Chinandega. | |
| 650 | 7 | |a PAVIMENTOS | |
| 650 | 7 | |b PAVIMENTOS DE ASFALTO | |
| 650 | 7 | |c ESTUDIOS DE SUELOS | |
| 650 | 7 | |d CARRETERAS-MANTENIMIENTO Y REPARACION | |
| 700 | 1 | |a Tutor: |b Zamora Lacayo, Aldo José | |
| 942 | |c BK |2 ddc | ||
| 991 | |a Tesis | ||
| 999 | |c 27730 | ||